How to really love your teenager. (Record no. 14705)

000 -LEADER
fixed length control field 00610nam a2200205 a 4500
001 - CONTROL NUMBER
control field :::00012538$&:&@@
003 - CONTROL NUMBER IDENTIFIER
control field OkBaRHE
005 - DATE AND TIME OF LATEST TRANSACTION
control field 20090505200937.0
008 - FIXED-LENGTH DATA ELEMENTS--GENERAL INFORMATION
fixed length control field s1981 j 000 0 eng u
040 ## - CATALOGING SOURCE
Transcribing agency
100 1# - MAIN ENTRY--PERSONAL NAME
Personal name Campbell, Ross, 1936-
245 10 - TITLE STATEMENT
Title How to really love your teenager.
260 ## - PUBLICATION, DISTRIBUTION, ETC. (IMPRINT)
Place of publication, distribution, etc Wheaton, IL., :
Name of publisher, distributor, etc Victor Books
Date of publication, distribution, etc c1981
300 ## - PHYSICAL DESCRIPTION
Extent 132 p. ;
Dimensions 21 cm.
650 ## - SUBJECT ADDED ENTRY--TOPICAL TERM
Topical term or geographic name as entry element Adolescent Psychology
650 ## - SUBJECT ADDED ENTRY--TOPICAL TERM
Topical term or geographic name as entry element Parent and Child
650 ## - SUBJECT ADDED ENTRY--TOPICAL TERM
Topical term or geographic name as entry element Parenting
942 ## - ADDED ENTRY ELEMENTS (KOHA)
Source of classification or shelving scheme
Koha item type Books
Copies
Full call number Source of classification or shelving scheme Price effective from Withdrawn status Koha item type Date last seen Shelving location Date acquired Barcode Permanent Location Damaged status Copy number Not for loan Lost status
HQ 755.83 .C35 2010-04-14 Books2010-04-14General Stacks2010-04-1412538RHEMA Bible Training College 1